00597nam a2200205Ia 4500003000900000008004100009020002200050040001600072080002200088100001800110245008100128250001200209260002900221300001400250650003400264650003000298650003300328700001300361700001700374IN-BaIIA211028s9999 xx 000 0 eng d a978-1-4614-9425-6 cIIA Library a629.78:551.1bMAT aMatloff, Greg 0aHarvesting space for a greener earthcGreg Matloff, C. Bangs and Les Johnson a2nd ed. aNew YorkbSpringerc2014 axv, 277p. aAstronautics and civilization aEnvironmental degradation aEnvironmental responsibility aBangs, C aJohnson, Les